| 000 | 00766nam a22002537a 4500 | ||
|---|---|---|---|
| 005 | 20230828163231.0 | ||
| 008 | 230828b ||||| |||| 00| 0 eng d | ||
| 020 | _a9789358490145 | ||
| 040 |
_aIN-DiNC _cIN-DiNC |
||
| 041 | _deng | ||
| 082 |
_a823 _bLAS |
||
| 100 |
_aLaskar, Rizia Begum _eauthor |
||
| 245 |
_aBritish poetry and drama: _b14th to 17th centuries (Major1 & Minor1)/ _cby Rizia Begum Laskar, Narji Baruah and Shweta Sur |
||
| 250 | _a1st ed. | ||
| 260 |
_aDibrugarh: _bBanalata, _c2021. |
||
| 300 | _a326p. | ||
| 650 | _aLiterary and social history | ||
| 650 | _aPoetry | ||
| 650 | _aElizabethan/ Rennaissance drama | ||
| 650 | _aShakespearean drama | ||
| 700 |
_aBaruah, Narji _eauthor |
||
| 700 |
_aSur, Shweta _eauthor |
||
| 942 |
_2ddc _cBK |
||
| 999 |
_c11603 _d11603 |
||